000 00421nam a2200169Ia 4500
001 29476
003 IN-NITTTR
005 20251114233402.0
008 251113s9999||||xx |||||||||||||| ||eng||
040 _beng
040 _cIN-NITTTR
041 _aeng
082 _a004.0288 K822M
100 _aKogent Learning Solutions Inc,
245 0 _aMCITP 5-in-1 study system /
_cKogent Learning Solutions Inc
942 _2ddc
_cBK
999 _c32104
_d32104